000 00597nam a22001697a 4500
005 20251108172705.0
008 250721s1999 xx 000 0 ara d
082 1 4 _a347.03/شلا
100 1 _aشلالا، نزيه نعيم
_eمؤلف
245 1 0 _aدعوى الإفتراء :
_bدراسة مقارنة من خلال إجتهادات المحاكم وآراء الفقهاء /
264 1 _aبيروت :
_bالحلبي الحقوقية،
_c1999.
300 _a219ص
650 1 7 _aالقانون المدني
650 1 7 _aمحاكم الإستئناف
942 _2ddc
_cBK
999 _c86027
_d86027